Statistiques concernant Villes du Rhône de plus de 10 000 hab

Cliquez ici pour prendre le quiz!

Statistiques générales

  • Ce quiz a été pris 35 fois
    (25 depuis la dernière actualisation)
  • Le résultat moyen est 16 sur 29

Statistiques - réponses

VillePopulation% Correct
Lyon526 964
100%
Villeurbanne161 203
100%
Bron44 222
88%
Vénissieux67 363
83%
Vaulx-en-Velin54 682
79%
Saint-Priest50 751
75%
Caluire-et-Cuire44 229
71%
Tassin-la-Demi-Lune23 156
67%
Villefranche-sur-Saône35 591
67%
Décines-Charpieu30 997
58%
Rillieux-la-Pape31 178
58%
Givors21 343
54%
Meyzieu37 521
54%
Oullins-Pierre-Bénite37 940
54%
Saint-Fons20 006
54%
Saint-Genis-Laval20 741
50%
Écully18 582
46%
Brignais12 954
42%
Francheville15 665
42%
Sainte-Foy-lès-Lyon21 792
42%
Corbas10 867
38%
Craponne12 410
38%
Tarare10 334
38%
Genas13 850
33%
Mions14 122
33%
Chassieu11 599
25%
Feyzin10 002
25%
Grigny10 007
25%
Belleville-en-Beaujolais14 035
17%

Distribution des résultats

Percentile par nombre de réponses

% des personnes avec chaque résultat

Votre développement - résultats

Vous n’avez pas pris ce quiz depuis la dernière actualisation